Normal view
MARC view
- Nuclear nonproliferation
Entry Topical Term
001 - CONTROL NUMBER
- control field: 8593
003 - CONTROL NUMBER IDENTIFIER
- control field: NUST
005 - DATE AND TIME OF LATEST TRANSACTION
- control field: 20180118104414.0
008 - FIXED-LENGTH DATA ELEMENTS
- fixed length control field: 180118|| aca||aabn | a|a d
040 ## - CATALOGING SOURCE
- Original cataloging agency: NUST
- Transcribing agency: NUST
150 ## - HEADING--TOPICAL TERM
- Topical term or geographic name entry element: Nuclear nonproliferation
- Geographic subdivision: India.
670 ## - SOURCE DATA FOUND
- Source citation: Work cat.: (NUST)0: Azam, Adeela, author. 8591, Indian unsafeguarded nuclear program :
